Āb-i kaus̲ar / (Record no. 614252)
[ view plain ]
| 000 -LEADER | |
|---|---|
| fixed length control field | 01622nam a22002297a 4500 |
| 040 ## - CATALOGING SOURCE | |
| Transcribing agency | NSHS |
| 082 ## - DEWEY DECIMAL CLASSIFICATION NUMBER | |
| Classification number | 297.382 |
| Author Mark | MUH |
| 100 0# - MAIN ENTRY--PERSONAL NAME | |
| Personal name | Amīn, Muḥammad |
| 9 (RLIN) | 129666 |
| 245 1# - TITLE STATEMENT | |
| Title | Āb-i kaus̲ar / |
| Statement of responsibility, etc. | Muḥammad Amīn |
| 246 ## - VARYING FORM OF TITLE | |
| Title proper/short title | Ab-i Kausar |
| 246 ## - VARYING FORM OF TITLE | |
| Title proper/short title | Aab-yi Kausar |
| 246 ## - VARYING FORM OF TITLE | |
| Title proper/short title | Ab-i Kusar |
| 260 ## - PUBLICATION, DISTRIBUTION, ETC. | |
| Place of publication, distribution, etc. | Faiṣalābād: |
| Name of publisher, distributor, etc. | Idārah-yi Tablīgh al-Islām ; |
| Date of publication, distribution, etc. | [n.d.] |
| 300 ## - PHYSICAL DESCRIPTION | |
| Extent | 320 pages. |
| 500 ## - GENERAL NOTE | |
| General note | Religion |
| 520 ## - SUMMARY, ETC. | |
| Summary, etc. | Āb-i-Kausar" by Mufti Muhammad Amin (Faisalabad) is a spiritually enriching Urdu work focusing on the virtues and blessings of sending Salawat (Darood) upon the Prophet Muhammad ﷺ. The book highlights the immense rewards, both worldly and spiritual, that come from consistent recitation of Darood, especially on Fridays and during special occasions. It presents authentic narrations and examples to show how Darood brings peace to the heart, acceptance of prayers, protection in the grave, and intercession on the Day of Judgment. Written in a simple and heartfelt style, the book appeals to both scholars and lay readers. It inspires love for the Prophet ﷺ and encourages the reader to make Darood a regular part of their life. Scholars have praised it as one of the most impactful works in Urdu on this subject, rooted in Quranic and Hadith teachings. Ultimately, Āb-i-Kausar serves as a spiritual guide that nurtures devotion and brings the reader closer to the Prophetic light. |
| 546 ## - LANGUAGE NOTE | |
| Language note | In Urdu. |
| 650 #0 - SUBJECT ADDED ENTRY--TOPICAL TERM | |
| Topical term or geographic name entry element | Devotional literature |
| General subdivision | Islam |
| 9 (RLIN) | 129667 |
| 650 #0 - SUBJECT ADDED ENTRY--TOPICAL TERM | |
| Topical term or geographic name entry element | Meditation |
| General subdivision | religion |
| -- | Islam |
| 9 (RLIN) | 129668 |
| 942 ## - ADDED ENTRY ELEMENTS (KOHA) | |
| Source of classification or shelving scheme | |
| Koha item type | Book |
| Withdrawn status | Lost status | Source of classification or shelving scheme | Damaged status | Not for loan | Permanent Location | Current Location | Date acquired | Full call number | Barcode | Date last seen | Price effective from | Koha item type |
|---|---|---|---|---|---|---|---|---|---|---|---|---|
| NUST School of Health Sciences (NSHS) | NUST School of Health Sciences (NSHS) | 07/10/2025 | 297.382 MUH | NSHS-1991 | 07/10/2025 | 07/10/2025 | Book |
